00000000nam 2200000zi 4500
0019.947184
003CaOODSP
00520250121100716
006m    go  d f      
007cr |n|||||||||
008250121e198711  onca    ob   f000 0 eng d
040 |aCaOODSP|beng|erda|cCaOODSP
041 |aeng|bfre
043 |an-cn---
0861 |aCo24-3/11-2-1987E-PDF
24500|aEvaluation assessment report : |bradio frequency spectrum management program.
264 1|a[Ottawa] : |bCommunications Canada, |cNovember 1987.
300 |a1 online resource (v, 50 pages) : |billustration.
336 |atext|btxt|2rdacontent
337 |acomputer|bc|2rdamedia
338 |aonline resource|bcr|2rdacarrier
4901 |aEvaluation assessment = Rapport préparatoire d'évaluation ; |v[2]
500 |aDigitized copy from print [produced by Innovation, Science and Economic Development Canada].
500 |a"Communications Canada program evaluation series."
504 |aIncludes bibliographical references (pages 43-50).
546 |aIncludes summary in French.
61010|aCanada. |bDepartment of Communications|xEvaluation.
61016|aCanada. |bMinistère des communications|xÉvaluation.
650 0|aRadio frequency allocation|zCanada|xManagement|xEvaluation.
650 6|aRadiofréquences|xAttribution|zCanada|xGestion|xÉvaluation.
7101 |aCanada. |bCommunications Canada, |eissuing body.
830#0|aEvaluation assessment = Rapport préparatoire d'évaluation ;|v[2]|w(CaOODSP)9.940712
85640|qPDF|s1.56 MB|uhttps://publications.gc.ca/collections/collection_2025/isde-ised/co24/Co24-3-11-2-1987-eng.pdf